| 000 | 00000cas 2200000zi 4500 |
| 001 | 9.859679 |
| 003 | CaOODSP |
| 005 | 20251121150927 |
| 006 | m go d f |
| 007 | cr ||||||||||| |
| 008 | 180727c20149999oncar p o f0###a0eng|d |
| 022 | |a2562-5918 |
| 040 | |aCaOODSP|beng|cCaOODSP|erda |
| 043 | |an-cn--- |
| 086 | 1 |aHR2-10E-PDF |
| 110 | 2 |aCanadian Human Rights Commission. |
| 222 | 0|aAnnual report. Privacy Act |b(Canadian Human Rights Commission) |
| 245 | 10|aAnnual report. |pPrivacy Act. |
| 264 | 1|a[Ottawa] : |bCanadian Human Rights Commission = Commission canadienne des droits de la personne, |c2014- |
| 310 | |aAnnual |
| 336 | |atext|btxt|2rdacontent |
| 337 | |acomputer|bc|2rdamedia |
| 338 | |aonline resource|bcr|2rdacarrier |
| 362 | 1 |aBegan with April 1, 2013 to March 31, 2014. |
| 500 | |aIssued also in French under title: Rapport annuel. Loi sur la protection des renseignements personnels. |
| 692 | 07|2gccst|aPrivacy |
| 775 | 08|tRapport annuel. |w(CaOODSP)9.859681 |